[Event "Medellin Flores op 30th"]
[Site "Medellin"]
[Date "2023.08.05"]
[Round "4"]
[White "Idarraga, Oscar Alonso"]
[Black "Alvarez, Juan P"]
[Result "0-1"]
[WhiteElo "1811"]
[BlackElo "1980"]
[PlyCount "70"]
[EventDate "2023.08.03"]
[EventType "swiss"]
[EventRounds "9"]
[EventCountry "COL"]
[SourceTitle "EXT 2024"]
[Source "ChessBase"]
[SourceDate "2023.10.10"]
[SourceVersion "1"]
[SourceVersionDate "2023.10.10"]
[SourceQuality "1"]

1. e4 c5 2. Nc3 Nc6 3. g3 g6 4. Bg2 Bg7 5. d3 e6 6. Nge2 Nge7 7. 0-0 0-0 8. f4 d6 9. g4 f5 10. gxf5 exf5 11. Ng3 Nd4 12. Nce2 fxe4 13. dxe4 Bg4 14. c3 Nxe2+ 15. Nxe2 Qb6 16. Qc2 Rad8 17. c4 Nc6 18. h3 Nb4 19. Qd1 Be6 20. a3 Qa6 21. axb4 Qxa1 22. Qb3 b5 23. f5 Bxc4 24. Qc2 Qa4 25. Qd2 Qxb4 26. Qe3 Qb3 27. Qf2 Qc2 28. Bf3 gxf5 29. e5 dxe5 30. Bg5 Rd1 31. Rxd1 Qxd1+ 32. Kg2 e4 33. Bh5 Bd4 34. Qg3 Bxe2 35. Bf6+ Bg4 0-1

[Event "Sabaneta op-B 2nd"]
[Site "Sabaneta Antioquia"]
[Date "2023.07.02"]
[Round "7"]
[White "Alvarez, Juan P"]
[Black "Valle, Efrain"]
[Result "1-0"]
[WhiteElo "1952"]
[BlackElo "1961"]
[PlyCount "74"]
[EventDate "2023.06.28"]
[EventType "swiss"]
[EventRounds "9"]
[EventCountry "COL"]
[SourceTitle "EXT 2024"]
[Source "ChessBase"]
[SourceDate "2023.10.10"]
[SourceVersion "1"]
[SourceVersionDate "2023.10.10"]
[SourceQuality "1"]

1. e4 d5 2. exd5 Qxd5 3. Nc3 Qd6 4. d4 a6 5. Bc4 Nf6 6. Nge2 b5 7. Bb3 Bb7 8. Bf4 Qb6 9. 0-0 b4 10. Na4 Qc6 11. d5 Nxd5 12. Nd4 Qg6 13. Nc5 Nxf4 14. Ba4+ Nc6 15. Qf3 0-0-0 16. Bxc6 Bxc6 17. Nxc6 Rd5 18. Nxb4 Rxc5 19. Qa8+ Kd7 20. Rad1+ Ke6 21. Rfe1+ Kf6 22. g3 e5 23. Qd8+ Kf5 24. Kh1 Ne6 25. Qh4 Qg4 26. Qxg4+ Kxg4 27. Nd3 Rxc2 28. Nxe5+ Kf5 29. Nxf7 Rg8 30. Rd5+ Kf6 31. Kg1 Bd6 32. Ne5 Ke7 33. f4 Nd4 34. f5 Nf3+ 35. Kf1 Rc1 36. Kg2 h5 37. Rc5 Nxe5 1-0

[Event "Medellin Construct op"]
[Site "Medellin"]
[Date "2017.01.26"]
[Round "2"]
[White "Chirivi Castiblanco, Jenny Astrid"]
[Black "Alvarez, Juan P"]
[Result "0-1"]
[WhiteElo "2192"]
[BlackElo "2054"]
[PlyCount "80"]
[EventDate "2017.01.25"]
[EventType "swiss"]
[EventRounds "7"]
[EventCountry "COL"]
[SourceTitle "CBM 176 Extra"]
[Source "ChessBase"]
[SourceDate "2017.03.02"]
[SourceVersion "1"]
[SourceVersionDate "2017.03.02"]
[SourceQuality "1"]

1. d4 Nf6 2. c4 e5 3. dxe5 Ng4 4. Bf4 g5 5. Bg3 Bg7 6. Nf3 Nc6 7. e3 Ngxe5 8. Nxe5 Nxe5 9. Be2 d6 10. Nc3 Be6 11. Rc1 0-0 12. b3 c6 13. 0-0 f5 14. f4 Ng6 15. fxg5 Qxg5 16. Qxd6 Qxe3+ 17. Bf2 Qe5 18. Rfd1 Qf6 19. Bd4 Ne5 20. Bxe5 Qxe5 21. Qxe5 Bxe5 22. Bf3 Rad8 23. Ne2 Kf7 24. g3 a5 25. Nf4 Rg8 26. Kf2 Rd4 27. Rxd4 Bxd4+ 28. Ke2 Rd8 29. Nd3 Kf6 30. Rf1 Re8 31. Kd2 Ke7 32. Bg2 Kf6 33. Re1 Rd8 34. Kc2 Bf7 35. Bf3 h5 36. Rd1 h4 37. Nc5 f4 38. gxf4 Bg6+ 39. Ne4+ Kf5 40. Bg2 Kxf4 0-1